LEADER 01485nam a2200349 i 4500 001 000000020013 003 CaOOAMICUS 005 20220404143643.0 008 180830s17611767fr u000 u fre u 040 $aSeMil$bita 100 1 $aFontenelle, Bernard : de,$d<1657-1757>.$0(OLS)http://semarc/name/90056 245 10$aOeuvres de monsieur De Fontenelle, des Académies, françoise des sciences, des belles-lettres ... Tome 1. [-11.]. 250 $aNouvelle édition. 260 $aA Paris :$bChez Saillant, Desaint, Regnard, Des Ventes de la Doué,$c1761-1767. 300 $a11 v. ;$c12°. 500 $aFregio sui front. 700 1 $aDesaint, Jean,$c.$0(OLS)http://semarc/name/6348 710 0 $aSaillant, Charles$c.$0(OLS)http://semarc/name/6346 774 0 $tTome 1.$g1$w()58483 774 0 $tTome 2.$g2$w()224027 774 0 $tTome 3.$g3$w()224026 774 0 $tTome 4.$g4$w()224029 774 0 $tTome 5.$g5$w()224028 774 0 $tTome 6.$g6$w()224036 774 0 $tTome 7.$g7$w()224035 774 0 $tTome 8.$g8$w()224037 774 0 $tTome 9.$g9$w()224038 774 0 $tTome 10.$g10$w()224044 774 0 $tTome 11.$g11$w()224045 996 $6245$aOeuvres de monsieur De Fontenelle, des Académies, françoise des sciences, des belles-lettres ... Tome 1. [-11.]$9(OLS)http://semarc/title/26333 996 $6260$aA Paris :$bChez Saillant, Desaint, Regnard, Des Ventes de la Doué$9(OLS)http://semarc/publisher/35251 LEADER 01616nam a2200289 i 4500 001 000000205865 003 CaOOAMICUS 005 20240312145842.0 008 160719s1820 it u000 u ita u 013 $a184610 026 $ao.i- tono maio fail (3) 1820 (A) 040 $aSeMil$bita 100 1 $aCastelli, Giuseppe Antonio.$0(OLS)http://semarc/name/74076 245 10$aQuestioni diverse sulle servitù prediali vedute in centoquarantaquattro figure in rame ad applicabili a qualsivoglia caso del giureconsulto Giuseppe Antonio Castelli .. 260 $aMilano :$bDa Placido Maria Visaj,$c1820. 300 $a[4], 126, [2] p., XXIV carte di tav. :$bill. calcogr. ;$c4°. 500 $aTav. incise da Pietro Becceni e i fratelli Bordiga su disegni di Carlo Donegani. 650 4$aDiritto - Servitù prediali.$0(OLS)http://semarc/subject/38696 700 1 $aBecceni, Pietro .$0(OLS)http://semarc/name/40625 700 1 $aBordiga, Benedetto .$0(OLS)http://semarc/name/74078 700 1 $aDonegani, Carlo .$0(OLS)http://semarc/name/74077 700 1 $aVisaj, Placido Maria,$c.$0(OLS)http://semarc/name/13585 850 $aSeMil 852 $aSeMil$W1$xVenegono$y1$m3L VI 20 FA$j156356$B156356$CSeMilBibl$Z2$F212300 $8I 996 $6245$aQuestioni diverse sulle servitù prediali vedute in centoquarantaquattro figure in rame ad applicabili a qualsivoglia caso del giureconsulto Giuseppe Antonio Castelli ..$9(OLS)http://semarc/title/297891 996 $6260$aMilano :$bDa Placido Maria Visaj$9(OLS)http://semarc/publisher/43121